[Event "Utrecht OKU op-B"]
[Site "Utrecht"]
[Date "2000.05.20"]
[Round "2"]
[White "Rathenau, J."]
[Black "Schoonderwoerd, S."]
[Result "1-0"]
[WhiteElo "1688"]
[BlackElo "1391"]
[PlyCount "107"]
[EventDate "2000.05.??"]
[EventType "swiss"]
[EventRounds "6"]
[EventCountry "NED"]
[SourceTitle "EXT 2002"]
[Source "ChessBase"]
[SourceDate "2001.11.25"]
[SourceVersion "1"]
[SourceVersionDate "2001.11.25"]
[SourceQuality "1"]

1. c4 e5 2. g3 Nc6 3. Bg2 Nf6 4. Nc3 d6 5. d3 Be6 6. Nf3 d5 7. cxd5 Bxd5 8. Nxd5 Nxd5 9. 0-0 f6 10. Qb3 Nde7 11. Bd2 Qd7 12. Bc3 Nf5 13. Bh3 g6 14. Rfd1 h5 15. Nh4 0-0-0 16. e4 Qg7 17. exf5 g5 18. Ng6 Rh7 19. Nxf8 Rxf8 20. Bg2 h4 21. Bxc6 bxc6 22. g4 h3 23. d4 e4 24. Qe6+ Qd7 25. Qxe4 Re8 26. Qf3 Rh4 27. Re1 Rxe1+ 28. Rxe1 Qd5 29. Re8+ Kb7 30. Qxd5 Rxg4+ 31. Kf1 cxd5 32. Rh8 Rf4 33. Rxh3 Rxf5 34. Ke2 Rf4 35. Rf3 Rh4 36. Rxf6 Rxh2 37. Rg6 Rg2 38. Kf3 Rg1 39. Rg7 Kb6 40. Ke3 a6 41. Rg6+ Kb7 42. Kd3 c6 43. Rg7+ Kb6 44. Bd2 Rg2 45. Bxg5 Rxf2 46. Bd8+ Kb5 47. Rb7+ Ka4 48. a3 Rf3+ 49. Ke2 Rb3 50. Ra7 Rxb2+ 51. Kd3 Rb3+ 52. Kc2 Rxa3 53. Rxa6+ Kb4 54. Be7+ 1-0